| 000 | 00587nam a2200205Ia 4500 | ||
|---|---|---|---|
| 005 | 20250508170042.0 | ||
| 008 | 008 250505s9999 xx 000 0 eng d | ||
| 037 | _aTextual | ||
| 040 |
_aFEDL _beng _cFEDL |
||
| 041 |
_aeng _2eng |
||
| 084 |
_a001.422, BRO _qFEDL |
||
| 100 | _aBroota K D | ||
| 245 | 0 | _aExperimental design in behavioural research | |
| 260 |
_aDelhi, India _b Viley Eastern Limited _c1972 |
||
| 300 | _axvi, 460p. | ||
| 365 |
_aINR _b270 |
||
| 546 | _aGifted by prof. Bhartaya Baveja | ||
| 942 |
_cTEXL _h001.422, BRO |
||
| 999 |
_c1398940 _d1398940 |
||